[Event "Titled Tue 17th Jun Late"]
[Site "chess.com INT"]
[Date "2025.06.17"]
[Round "1"]
[White "Storn, Justin"]
[Black "Rajaram, Rohan"]
[Result "0-1"]
[BlackTitle "CM"]
[WhiteElo "2073"]
[BlackElo "2164"]
[WhiteFideId "30922720"]
[BlackFideId "30940729"]
[EventDate "2025.06.17"]

1. c4 Nf6 2. a3 d5 3. cxd5 Nxd5 4. e4 Nb6 5. d4 e5 6. dxe5 Qxd1+ 7. Kxd1 Nc6 8.
f4 Bg4+ 9. Kc2 O-O-O 10. Be3 Bd1+ 11. Kc1 Na5 12. Nd2 Nb3+ 13. Nxb3 Bxb3 14. Be2
Nc4 15. Bxc4 Rd1# 0-1

[Event "Titled Tue 17th Jun Late"]
[Site "chess.com INT"]
[Date "2025.06.17"]
[Round "1"]
[White "Pontes, Luiz Felizola Lima"]
[Black "Klepek, Witold"]
[Result "0-1"]
[BlackTitle "CM"]
[WhiteElo "2062"]
[BlackElo "2253"]
[WhiteFideId "44709919"]
[BlackFideId "1175068"]
[EventDate "2025.06.17"]

1. e4 c5 2. Nf3 Nc6 3. d4 cxd4 4. Nxd4 Nf6 5. Nc3 e6 6. Bg5 Bb4 7. Nxc6 bxc6 8.
e5 Qa5 9. Bxf6 gxf6 10. exf6 Bxc3+ 11. bxc3 Qxc3+ 12. Ke2 Ba6+ 0-1

[Event "Titled Tue 17th Jun Late"]
[Site "chess.com INT"]
[Date "2025.06.17"]
[Round "1"]
[White "Toktomushev, Teimur"]
[Black "Daspres, Loic"]
[Result "1-0"]
[WhiteTitle "FM"]
[BlackTitle "CM"]
[WhiteElo "2390"]
[BlackElo "2207"]
[WhiteFideId "14176726"]
[BlackFideId "20612281"]
[EventDate "2025.06.17"]

1. d4 Nf6 2. c4 e6 3. Nf3 d5 4. Nc3 Bb4 5. Qa4+ Nc6 6. e3 O-O 7. Qc2 Re8 8. Bd2
dxc4 9. Bxc4 Bd6 10. h3 e5 11. O-O e4 12. Ng5 Qe7 13. Bxf7+ Kh8 14. Bxe8 Qxe8
15. Ncxe4 Qg6 16. Nxf6 Qxf6 17. Qxh7# 1-0

[Event "Titled Tue 17th Jun Late"]
[Site "chess.com INT"]
[Date "2025.06.17"]
[Round "1"]
[White "Terron Elena, Francisco M."]
[Black "Jakubowski, Krzysztof"]
[Result "0-1"]
[WhiteTitle "FM"]
[BlackTitle "GM"]
[WhiteElo "2148"]
[BlackElo "2448"]
[WhiteFideId "2210576"]
[BlackFideId "1112848"]
[EventDate "2025.06.17"]

1. e4 c5 2. Nf3 e6 3. c3 Nf6 4. e5 Nd5 5. d4 cxd4 6. Qxd4 Nc6 7. Qe4 f5 8. Qe2
Bc5 9. g3 a5 10. Bg2 b6 11. c4 Ba6 12. O-O O-O 13. a3 f4 14. Qc2 fxg3 15. cxd5
gxf2+ 16. Kh1 Bxf1 17. dxc6 Bxg2+ 18. Kxg2 Rxf3 19. Nd2 f1=Q+ 0-1

[Event "Titled Tue 17th Jun Late"]
[Site "chess.com INT"]
[Date "2025.06.17"]
[Round "1"]
[White "Matinian, Nikita"]
[Black "Borisov, Yuri"]
[Result "1-0"]
[WhiteTitle "GM"]
[BlackTitle "FM"]
[WhiteElo "2421"]
[BlackElo "2285"]
[WhiteFideId "24129100"]
[BlackFideId "1503928"]
[EventDate "2025.06.17"]

1. e4 e6 2. d4 d5 3. Nc3 dxe4 4. Nxe4 Nd7 5. Nf3 Ngf6 6. Bd3 Be7 7. Qe2 O-O 8.
Bd2 b6 9. O-O-O Bb7 10. Neg5 c5 11. Ne5 cxd4 12. Nexf7 Rxf7 13. Qxe6 Bd5 14. Qh3
Ne5 15. Bxh7+ Kf8 16. Be4 Bxe4 17. Qh8+ Ng8 18. Ne6+ Ke8 19. Nxd8 Rxd8 20. Rhe1
Bxc2 21. Kxc2 1-0

[Event "Titled Tue 17th Jun Late"]
[Site "chess.com INT"]
[Date "2025.06.17"]
[Round "1"]
[White "Peatman, Carter"]
[Black "Kiewra, Keaton"]
[Result "0-1"]
[BlackTitle "IM"]
[WhiteElo "2082"]
[BlackElo "2277"]
[WhiteFideId "2096480"]
[BlackFideId "2019280"]
[EventDate "2025.06.17"]

1. d4 Nf6 2. Bf4 g6 3. e3 Bg7 4. Nf3 O-O 5. h3 d6 6. Be2 Nc6 7. Bh2 Nd7 8. O-O
e5 9. c3 f5 10. b4 g5 11. Nfd2 Kh8 12. a4 Nf6 13. a5 f4 14. b5 Ne7 15. c4 fxe3
16. fxe3 Nf5 17. dxe5 Nxe3 18. Qc2 Nxc2 0-1

[Event "Titled Tue 17th Jun Late"]
[Site "chess.com INT"]
[Date "2025.06.17"]
[Round "1"]
[White "Erdogan, Anil Berk"]
[Black "Drygalov, Sergey"]
[Result "0-1"]
[WhiteTitle "CM"]
[BlackTitle "GM"]
[WhiteElo "2091"]
[BlackElo "2560"]
[WhiteFideId "6348173"]
[BlackFideId "24171743"]
[EventDate "2025.06.17"]

1. e4 c5 2. Nf3 d6 3. Bb5+ Nd7 4. d4 cxd4 5. Qxd4 a6 6. Bxd7+ Bxd7 7. c4 Nf6 8.
Nc3 g6 9. Bg5 Bg7 10. O-O O-O 11. Qd2 Rc8 12. b3 b5 13. cxb5 axb5 14. Rac1 Re8
15. Rfe1 Qa5 16. Nd5 Qxd2 17. Nxd2 Nxd5 18. exd5 Bc3 19. Rcd1 f6 20. Be3 Ra8 21.
Rc1 Rec8 22. Rc2 Bf5 23. Rcc1 Rxa2 24. Bd4 Bxd4 0-1

[Event "Titled Tue 17th Jun Late"]
[Site "chess.com INT"]
[Date "2025.06.17"]
[Round "1"]
[White "Bressac, Stephane"]
[Black "Araujo Filho, Luiz Antonio Coel"]
[Result "1-0"]
[WhiteTitle "IM"]
[WhiteElo "2280"]
[BlackElo "2077"]
[WhiteFideId "655945"]
[BlackFideId "2130661"]
[EventDate "2025.06.17"]

1. e4 c6 2. d4 d5 3. Nd2 dxe4 4. Nxe4 Nf6 5. Nxf6+ exf6 6. c3 Bd6 7. Bd3 O-O 8.
Qc2 Re8+ 9. Ne2 h5 10. O-O Qc7 11. h3 Nd7 12. Ng3 Bxg3 13. fxg3 Qxg3 14. Bf4 Qh4
15. Bh7+ Kh8 16. g3 Qxh3 17. Bf5 Qxf1+ 18. Rxf1 Nf8 19. Bxc8 Raxc8 20. Qf5 Ne6
21. Qxh5+ Kg8 22. Kf2 Nxf4 23. gxf4 Re4 24. Rh1 1-0

[Event "Titled Tue 17th Jun Late"]
[Site "chess.com INT"]
[Date "2025.06.17"]
[Round "1"]
[White "Ragger, Markus"]
[Black "Ngo, Quang Thai"]
[Result "1-0"]
[WhiteTitle "GM"]
[BlackTitle "FM"]
[WhiteElo "2566"]
[BlackElo "2326"]
[WhiteFideId "1610856"]
[BlackFideId "12403768"]
[EventDate "2025.06.17"]

1. d4 Nf6 2. c4 e6 3. Nf3 d5 4. g3 dxc4 5. Bg2 a6 6. O-O Nc6 7. Qc2 b5 8. Ne5
Nb4 9. Qd2 Nbd5 10. e4 Nb6 11. d5 Bd6 12. Nc6 Qd7 13. dxe6 Qxc6 14. e5 Ne4 15.
exf7+ Kxf7 16. Qf4+ 1-0

[Event "Titled Tue 17th Jun Late"]
[Site "chess.com INT"]
[Date "2025.06.17"]
[Round "1"]
[White "Sheehan, Ethan"]
[Black "Mordechai, Hanan"]
[Result "1-0"]
[BlackTitle "FM"]
[WhiteElo "2364"]
[BlackElo "2311"]
[WhiteFideId "30943965"]
[BlackFideId "2804166"]
[EventDate "2025.06.17"]

1. d4 Nf6 2. Nf3 g6 3. c4 Bg7 4. Nc3 O-O 5. e4 d6 6. Be2 e5 7. O-O Nc6 8. d5 Ne7
9. b4 a5 10. Ba3 axb4 11. Bxb4 b6 12. a4 Re8 13. h3 c5 14. dxc6 Nxc6 15. Bxd6
Nd4 16. Bb4 Ba6 17. Bd3 Nh5 18. Nd5 Nf4 19. Nxd4 Nxd3 20. Nc6 Nxb4 21. Nxd8 Nxd5
22. cxd5 Bxf1 23. Qxf1 Rexd8 24. Qb5 Rab8 25. Rc1 Bf8 26. Rc6 Rd6 27. a5 1-0

[Event "Titled Tue 17th Jun Late"]
[Site "chess.com INT"]
[Date "2025.06.17"]
[Round "1"]
[White "Dominguez Exposito, Ibon"]
[Black "Hariharan, Shambavi"]
[Result "1-0"]
[WhiteTitle "CM"]
[BlackTitle "WCM"]
[WhiteElo "2201"]
[BlackElo "1936"]
[WhiteFideId "54589452"]
[BlackFideId "488160"]
[EventDate "2025.06.17"]

1. e4 e5 2. Nf3 Nc6 3. Nc3 Nf6 4. a3 d6 5. d4 exd4 6. Nxd4 Bd7 7. Bc4 Ne5 8. Bb3
Be7 9. h3 Nc6 10. Be3 Nxd4 11. Qxd4 Bc6 12. O-O-O Qd7 13. f4 a6 14. Rhe1 Ng8 15.
Nd5 Bxd5 16. Qxd5 Bf6 17. e5 Bd8 18. Qxb7 Rc8 19. Bd4 Ne7 20. e6 Qb5 21. Qxb5+
axb5 22. Bxg7 fxe6 23. Bxh8 1-0

[Event "Titled Tue 17th Jun Late"]
[Site "chess.com INT"]
[Date "2025.06.17"]
[Round "1"]
[White "Bokros, Albert"]
[Black "Dogan, Umut Anil"]
[Result "0-1"]
[WhiteTitle "IM"]
[BlackTitle "CM"]
[WhiteElo "2382"]
[BlackElo "2060"]
[WhiteFideId "710458"]
[BlackFideId "51618060"]
[EventDate "2025.06.17"]

1. e4 Nc6 2. Nf3 d6 3. d4 Bg4 4. Be2 Nf6 5. Nc3 e5 6. h3 Bxf3 7. Bxf3 Nxd4 8.
Be3 Nxf3+ 9. Qxf3 Be7 10. O-O-O Qd7 11. g4 h6 12. Nd5 Nxd5 13. Rxd5 Qe6 14. Rhd1
c6 15. R5d3 Qxa2 16. Ra3 Qe6 17. Rxa7 Rxa7 18. Bxa7 O-O 19. Qb3 Qxb3 20. cxb3 c5
21. Bb6 Ra8 22. Kc2 Ra6 23. Bc7 Kf8 24. b4 cxb4 25. Kb3 Ke8 26. Kxb4 Kd7 27. Ba5
b6 28. Kb5 Rxa5+ 29. Kxb6 Ra2 30. b4 Rxf2 31. b5 Rf4 32. Ka7 Rxe4 33. b6 Ra4+
34. Kb8 d5 35. Rxd5+ Bd6+ 36. Kb7 e4 37. Rd1 e3 38. Re1 Re4 39. Ka8 e2 40. b7
Ra4# 0-1

[Event "Titled Tue 17th Jun Late"]
[Site "chess.com INT"]
[Date "2025.06.17"]
[Round "1"]
[White "Buchenau, Frank"]
[Black "Gilfanov, Marat I"]
[Result "1-0"]
[WhiteTitle "FM"]
[BlackTitle "FM"]
[WhiteElo "2205"]
[BlackElo "2343"]
[WhiteFideId "4604350"]
[BlackFideId "34372164"]
[EventDate "2025.06.17"]

1. e4 c5 2. g3 g6 3. Bg2 Bg7 4. Ne2 Nc6 5. c3 e6 6. d4 cxd4 7. Nxd4 Nxd4 8. cxd4
Ne7 9. Nc3 O-O 10. O-O d5 11. exd5 exd5 12. Bg5 f6 13. Bf4 Be6 14. Re1 Qd7 15.
Qe2 Kf7 16. Nb5 Nc8 17. Rac1 Qe8 18. Rc7+ Bd7 19. Qxe8+ 1-0

[Event "Titled Tue 17th Jun Late"]
[Site "chess.com INT"]
[Date "2025.06.17"]
[Round "1"]
[White "Koellner, Ruben Gideon"]
[Black "Fathy, Elameir"]
[Result "1-0"]
[WhiteTitle "IM"]
[BlackTitle "FM"]
[WhiteElo "2503"]
[BlackElo "2300"]
[WhiteFideId "12993093"]
[BlackFideId "10600396"]
[EventDate "2025.06.17"]

1. d4 d5 2. Nf3 Nf6 3. e3 Bg4 4. h3 Bxf3 5. Qxf3 e6 6. c4 c6 7. Nc3 Nbd7 8. Bd3
Bd6 9. O-O O-O 10. e4 dxc4 11. Bxc4 e5 12. d5 Nb6 13. Bb3 cxd5 14. exd5 h6 15.
Be3 Re8 16. Rad1 e4 17. Qe2 Qe7 18. Rfe1 Qe5 19. g3 Qf5 20. Kg2 Nbd7 21. Ba4 Re7
22. Nb5 Bb4 23. Nd4 Qe5 24. Bf4 Qh5 25. d6 Bxe1 26. Qxh5 Nxh5 27. dxe7 Nxf4+ 28.
gxf4 Bb4 29. Nf5 1-0

[Event "Titled Tue 17th Jun Late"]
[Site "chess.com INT"]
[Date "2025.06.17"]
[Round "1"]
[White "Achuthan, Aryan"]
[Black "Mafra, Kaiser Luiz"]
[Result "1-0"]
[BlackTitle "CM"]
[WhiteElo "2087"]
[BlackElo "2076"]
[WhiteFideId "30982294"]
[BlackFideId "2106698"]
[EventDate "2025.06.17"]

1. d4 Nf6 2. c4 g6 3. Nc3 Bg7 4. e4 d6 5. Nge2 O-O 6. f3 e5 7. d5 a5 8. Be3 Na6
9. Qd2 Qe7 10. O-O-O Nh5 11. Kb1 f5 12. Nc1 f4 13. Bf2 Bd7 14. Be2 Rab8 15. Nd3
b5 16. cxb5 Nb4 17. a4 g5 18. Nxb4 axb4 19. Na2 b3 20. Nc1 Ra8 21. Qb4 Rfb8 22.
Nxb3 c6 23. dxc6 Be6 24. Bc4 Kh8 25. Bxe6 Qxe6 26. Rxd6 Bf8 27. Rxe6 Bxb4 28.
Bc5 Rxa4 29. c7 Rc8 30. b6 Bxc5 31. Nxc5 Rb4 32. Rd1 Ng7 33. Rd8+ 1-0

[Event "Titled Tue 17th Jun Late"]
[Site "chess.com INT"]
[Date "2025.06.17"]
[Round "1"]
[White "Veiga, Jose Francisco R P Neves"]
[Black "Khlebovich, Alexander"]
[Result "0-1"]
[WhiteTitle "IM"]
[BlackTitle "IM"]
[WhiteElo "2390"]
[BlackElo "2423"]
[WhiteFideId "1930087"]
[BlackFideId "4169123"]
[EventDate "2025.06.17"]

1. e4 c5 2. Nc3 Nc6 3. Bb5 Nd4 4. Nf3 a6 5. Be2 g6 6. O-O Bg7 7. d3 Nxe2+ 8.
Qxe2 d6 9. Be3 Nf6 10. d4 cxd4 11. Bxd4 O-O 12. Rad1 Qa5 13. a3 Qh5 14. e5 dxe5
15. Nxe5 Qxe2 16. Nxe2 Bf5 17. Rc1 Rfd8 18. Rfd1 Rac8 19. c4 Ng4 20. Nf3 Bh6 21.
Bb6 Bxc1 22. Bc7 Rxd1+ 0-1

[Event "Titled Tue 17th Jun Late"]
[Site "chess.com INT"]
[Date "2025.06.17"]
[Round "1"]
[White "Dubnevych, Maksym"]
[Black "Bacus, Dharim"]
[Result "1-0"]
[WhiteTitle "FM"]
[BlackTitle "FM"]
[WhiteElo "2296"]
[BlackElo "2131"]
[WhiteFideId "14184001"]
[BlackFideId "5201527"]
[EventDate "2025.06.17"]

1. Nc3 Nf6 2. e4 e5 3. d4 exd4 4. Qxd4 Nc6 5. Qd3 Bb4 6. Bd2 O-O 7. O-O-O Re8 8.
Nge2 d6 9. h3 Qe7 10. Bg5 Qe6 11. f3 Ne5 12. Qe3 h6 13. Nf4 Bc5 14. Qe1 Qd7 15.
Bxf6 gxf6 16. Ncd5 Qd8 17. Nh5 Re6 18. f4 c6 19. fxe5 cxd5 20. Qg3+ Kf8 21. Qg7+
Ke8 22. Nxf6+ Ke7 23. Nxd5+ Ke8 24. Bb5+ Bd7 25. Nf6+ Rxf6 26. Bxd7+ Kxd7 27.
exf6 Qe8 28. Qg4+ Kc7 29. Kb1 Qe5 30. Rd5 Qe8 31. e5 Rd8 32. Rhd1 a5 33. exd6+
Rxd6 34. Rxc5+ 1-0

[Event "Titled Tue 17th Jun Late"]
[Site "chess.com INT"]
[Date "2025.06.17"]
[Round "1"]
[White "Mitrabha, Guha"]
[Black "Kanakaris, Georgios"]
[Result "1-0"]
[WhiteTitle "GM"]
[BlackTitle "IM"]
[WhiteElo "2515"]
[BlackElo "2396"]
[WhiteFideId "5057000"]
[BlackFideId "4209460"]
[EventDate "2025.06.17"]

1. c4 e5 2. g3 Nc6 3. Bg2 Bc5 4. Nc3 a6 5. e3 d6 6. Nge2 Ba7 7. d4 Nge7 8. b3
exd4 9. exd4 Nf5 10. d5 Ne5 11. O-O h5 12. h3 h4 13. g4 Ng3 14. Re1 Qf6 15. Nd4
O-O 16. Be3 Nxg4 17. hxg4 h3 18. Bxh3 Qh4 19. Kg2 Nh5 20. Nf3 1-0

[Event "Titled Tue 17th Jun Late"]
[Site "chess.com INT"]
[Date "2025.06.17"]
[Round "1"]
[White "Matyakubov, Miraziz"]
[Black "Dylag, Emilia"]
[Result "1-0"]
[WhiteTitle "CM"]
[BlackTitle "WFM"]
[WhiteElo "2278"]
[BlackElo "2086"]
[WhiteFideId "14215772"]
[BlackFideId "21805172"]
[EventDate "2025.06.17"]

1. e4 c5 2. Nf3 d6 3. Bb5+ Bd7 4. Bxd7+ Qxd7 5. O-O e5 6. c3 Be7 7. d4 cxd4 8.
cxd4 Nc6 9. Nc3 Nf6 10. h3 O-O 11. Be3 Rfd8 12. Qd2 Rac8 13. Rad1 exd4 14. Nxd4
Ne5 15. Nf5 Nc4 16. Qe2 Nxe4 17. Qg4 g6 18. Nh6+ Kg7 19. Qxe4 f5 20. Qd5 Nxe3
21. fxe3 Kxh6 22. e4 Rc5 23. Qd3 Rf8 24. Qe3+ Bg5 25. Qxc5 1-0

[Event "Titled Tue 17th Jun Late"]
[Site "chess.com INT"]
[Date "2025.06.17"]
[Round "1"]
[White "Davtyan, Artur"]
[Black "Brancaleoni, Maurizio"]
[Result "1-0"]
[WhiteTitle "IM"]
[BlackTitle "FM"]
[WhiteElo "2472"]
[BlackElo "2185"]
[WhiteFideId "13308327"]
[BlackFideId "803022"]
[EventDate "2025.06.17"]

1. d4 Nf6 2. c4 b6 3. Nc3 Bb7 4. d5 e6 5. a3 g6 6. e4 d6 7. Nf3 Bg7 8. Bd3 O-O
9. O-O Re8 10. Qc2 Nbd7 11. b4 c6 12. dxe6 fxe6 13. e5 Nxe5 14. Nxe5 dxe5 15. c5
bxc5 16. bxc5 Qa5 17. Ne4 Nxe4 18. Bxe4 Rad8 19. Bg5 Rd5 20. Bxd5 exd5 21. Rab1
Ba6 22. Rfe1 e4 23. f3 Bd3 24. Qxd3 exd3 25. Rxe8+ Bf8 26. Bh6 Qxc5+ 27. Kf1 Kf7
28. Rxf8+ Ke6 29. Re1+ Kd7 30. Rf7+ 1-0

[Event "Titled Tue 17th Jun Late"]
[Site "chess.com INT"]
[Date "2025.06.17"]
[Round "1"]
[White "Todorovic, Bojan"]
[Black "Kravtsiv, Martyn"]
[Result "0-1"]
[WhiteTitle "FM"]
[BlackTitle "GM"]
[WhiteElo "2111"]
[BlackElo "2598"]
[WhiteFideId "917087"]
[BlackFideId "14113147"]
[EventDate "2025.06.17"]

1. d4 d5 2. c4 e6 3. Nc3 Nf6 4. cxd5 exd5 5. Bg5 Be7 6. e3 O-O 7. Bd3 h6 8. Bf4
Re8 9. Nge2 c6 10. O-O Bd6 11. Rb1 a5 12. a3 Na6 13. Na4 b5 14. Bxd6 Qxd6 15.
Nb6 Rb8 16. Nxc8 Rexc8 17. Rc1 Nc7 18. Nf4 a4 19. Qd2 Na8 20. Bf5 Rc7 21. Qb4
Qxb4 22. axb4 Nb6 23. Rc2 Nc4 24. Nd3 g6 25. Bh3 Ne4 26. Rd1 Ra8 27. f3 Nxe3 0-1

[Event "Titled Tue 17th Jun Late"]
[Site "chess.com INT"]
[Date "2025.06.17"]
[Round "1"]
[White "Ilinca, Felix-Antonio"]
[Black "Chen, Yidong"]
[Result "1-0"]
[WhiteTitle "IM"]
[WhiteElo "2431"]
[BlackElo "2074"]
[WhiteFideId "54764998"]
[BlackFideId "8607028"]
[EventDate "2025.06.17"]

1. b3 d5 2. Bb2 c5 3. Nf3 Nc6 4. e3 Bg4 5. Bb5 e6 6. h3 Bh5 7. g4 Bg6 8. Ne5 Ne7
9. h4 f6 10. Nxg6 Nxg6 11. Bxc6+ bxc6 12. h5 Ne5 13. f4 Nd7 14. Nc3 Rb8 15. d3
Bd6 16. Qf3 Qc7 17. O-O-O c4 18. dxc4 dxc4 19. Qe4 Nc5 20. Qxc4 Rb4 21. Qe2 O-O
22. Rd2 Ne4 23. Nxe4 Rxe4 24. Qd3 Rxf4 25. Qxd6 Qxd6 26. Rxd6 Rxg4 27. Rxc6 Re4
28. Bd4 a5 29. a4 e5 30. Bc5 Ra8 31. Rc7 Rg4 32. Rd1 1-0

[Event "Titled Tue 17th Jun Late"]
[Site "chess.com INT"]
[Date "2025.06.17"]
[Round "1"]
[White "Jarmula, Lukasz"]
[Black "Bulgurlu, Okan"]
[Result "1-0"]
[WhiteTitle "GM"]
[BlackTitle "CM"]
[WhiteElo "2440"]
[BlackElo "1964"]
[WhiteFideId "1160664"]
[BlackFideId "6352316"]
[EventDate "2025.06.17"]

1. Nf3 d5 2. g3 Nf6 3. Bg2 g6 4. O-O Bg7 5. d4 O-O 6. c4 c6 7. Nc3 a5 8. cxd5
cxd5 9. Qb3 Nc6 10. Bg5 Be6 11. Bxf6 Bxf6 12. e3 Rb8 13. Nd2 b5 14. Nxd5 a4 15.
Nxf6+ exf6 16. Qc3 Ne7 17. e4 Rc8 18. Qe3 Qb6 19. d5 Qxe3 20. fxe3 Bd7 21. Rxf6
Rc2 22. Nf3 Rxb2 23. Ne5 Bc8 24. d6 Nf5 25. d7 Kg7 26. Rxf7+ Rxf7 27. dxc8=Q
Nxe3 28. Nxf7 Rxg2+ 29. Kh1 Kxf7 1-0

[Event "Titled Tue 17th Jun Late"]
[Site "chess.com INT"]
[Date "2025.06.17"]
[Round "1"]
[White "Calvo Gonzalez, Jose Felix"]
[Black "Ambartsumian, Tyhran"]
[Result "0-1"]
[WhiteTitle "CM"]
[BlackTitle "CM"]
[WhiteElo "2168"]
[BlackElo "2244"]
[WhiteFideId "54505615"]
[BlackFideId "34161112"]
[EventDate "2025.06.17"]

1. e4 e5 2. Nf3 Nc6 3. Bc4 Nf6 4. Ng5 d5 5. exd5 b5 6. Bxb5 Qxd5 7. Bxc6+ Qxc6
8. Qf3 e4 9. Qb3 h6 10. Qxf7+ Kd8 11. Nh3 Qxc2 12. O-O Bxh3 13. gxh3 Qd3 14. Nc3
Bd6 15. Qe6 Re8 16. Qf5 Re5 0-1

[Event "Titled Tue 17th Jun Late"]
[Site "chess.com INT"]
[Date "2025.06.17"]
[Round "1"]
[White "Ernst, Luca"]
[Black "Talibov, Shiroghlan"]
[Result "1/2-1/2"]
[WhiteTitle "FM"]
[BlackTitle "IM"]
[WhiteElo "2215"]
[BlackElo "2414"]
[WhiteFideId "45117055"]
[BlackFideId "13429078"]
[EventDate "2025.06.17"]

1. Nf3 d6 2. d4 g6 3. c4 Bg7 4. g3 Nf6 5. Bg2 O-O 6. O-O Nbd7 7. Nc3 e5 8. dxe5
dxe5 9. Bg5 c6 10. Qc2 Qa5 11. Nd2 Re8 12. Rad1 Nc5 13. Nb3 Qb4 14. Nxc5 Qxc5
15. Bxf6 Bxf6 16. Ne4 Qe7 17. Nxf6+ Qxf6 18. Qc3 Bg4 19. Rd2 Rad8 20. Rfd1 Rxd2
21. Rxd2 Rd8 22. Rxd8+ Qxd8 23. Bf3 Bh3 24. e3 Qd6 25. c5 Qe6 26. a3 Qf5 27. e4
Qd7 28. Qxe5 Qd3 29. Qe8+ Kg7 30. Qe5+ f6 31. Qc7+ Kh6 32. Qf4+ Kg7 33. Qc7+ Kh6
34. Qf4+ Kg7 35. Qc7+ 1/2-1/2

[Event "Titled Tue 17th Jun Late"]
[Site "chess.com INT"]
[Date "2025.06.17"]
[Round "1"]
[White "Shermuhammadov, Samandar"]
[Black "Atkeson, Christopher Timothy"]
[Result "1-0"]
[WhiteTitle "FM"]
[WhiteElo "2110"]
[BlackElo "2008"]
[WhiteFideId "14205602"]
[BlackFideId "39956547"]
[EventDate "2025.06.17"]

1. g4 e5 2. Bg2 d5 3. h3 c6 4. d3 Bd6 5. Nd2 Ne7 6. e4 Be6 7. Ne2 O-O 8. Ng3 Ng6
9. O-O Nf4 10. Nf3 Nxg2 11. Kxg2 f6 12. Nh4 Nd7 13. Nhf5 Bc7 14. Be3 g6 15. Nh6+
Kh8 16. h4 Bb6 17. Bd2 Qe7 18. Rh1 Qg7 19. h5 f5 20. hxg6 fxg4 21. Nhf5 Qxg6 22.
Rh6 Qg8 23. Qe2 Nf6 24. Rah1 dxe4 25. dxe4 Rf7 26. Bc3 Nd7 27. Rxe6 Raf8 28.
Rxe5 1-0

[Event "Titled Tue 17th Jun Late"]
[Site "chess.com INT"]
[Date "2025.06.17"]
[Round "1"]
[White "Marchesich, Giovanni"]
[Black "Kobo, Ori"]
[Result "0-1"]
[WhiteTitle "CM"]
[BlackTitle "GM"]
[WhiteElo "2189"]
[BlackElo "2493"]
[WhiteFideId "2824790"]
[BlackFideId "2812320"]
[EventDate "2025.06.17"]

1. Nf3 d5 2. g3 Nd7 3. d4 Nb6 4. Bg2 Bf5 5. Nh4 Bg4 6. f3 Bh5 7. Nc3 e6 8. f4
Nf6 9. O-O Bb4 10. Qd3 O-O 11. f5 exf5 12. Rxf5 c6 13. Bg5 Bg6 14. Nxg6 hxg6 15.
Rf4 Be7 16. Raf1 Qd7 17. a4 Nh5 18. Bxe7 Nxf4 19. gxf4 Qxe7 20. f5 gxf5 21. Qxf5
Nc4 22. e4 Ne3 0-1

[Event "Titled Tue 17th Jun Late"]
[Site "chess.com INT"]
[Date "2025.06.17"]
[Round "1"]
[White "Rogov, Matfey"]
[Black "Harish, Neeraj"]
[Result "1-0"]
[WhiteTitle "FM"]
[BlackTitle "CM"]
[WhiteElo "2348"]
[BlackElo "2192"]
[WhiteFideId "44191308"]
[BlackFideId "30958130"]
[EventDate "2025.06.17"]

1. e4 c6 2. d4 d5 3. f3 dxe4 4. fxe4 e5 5. Nf3 Bg4 6. Bc4 Nd7 7. c3 Bd6 8. O-O
Ngf6 9. Bg5 O-O 10. Nbd2 h6 11. Bh4 b5 12. Bb3 Qc7 13. Qe1 Rae8 14. h3 Bh5 15.
Bc2 Bg6 16. Rd1 c5 17. dxe5 Bxe5 18. Nxe5 Nxe5 19. Bxf6 gxf6 20. Qh4 c4 21. Nf3
Qc5+ 22. Kh1 Nd3 23. Bxd3 cxd3 24. Rxd3 Rxe4 25. Qxh6 Re2 26. Rd4 Rxb2 27. Rh4
Bh7 28. Qxh7# 1-0

[Event "Titled Tue 17th Jun Late"]
[Site "chess.com INT"]
[Date "2025.06.17"]
[Round "1"]
[White "Pribelszky, Bence"]
[Black "Stichter, Constantin Paul"]
[Result "1-0"]
[WhiteTitle "IM"]
[BlackTitle "CM"]
[WhiteElo "2396"]
[BlackElo "2216"]
[WhiteFideId "769738"]
[BlackFideId "34603140"]
[EventDate "2025.06.17"]

1. d4 Nf6 2. Nc3 e6 3. e4 d5 4. e5 Nfd7 5. f4 c5 6. Nf3 Nc6 7. Be3 a6 8. Qd2 b5
9. dxc5 Bxc5 10. Bxc5 Nxc5 11. Qf2 Ne4 12. Nxe4 dxe4 13. Nd2 Bb7 14. O-O-O Qa5
15. Kb1 O-O 16. Nb3 Qc7 17. Be2 Nb4 18. c3 Nd5 19. Rd4 a5 20. Bxb5 Rfb8 21. a4
Bc6 22. Rc4 Bxb5 23. Rxc7 Bd3+ 24. Ka1 Nxc7 25. Nc5 Bc4 26. Nxe4 Nd5 27. Nd6 Bb3
28. f5 Nb6 29. f6 Nxa4 30. Qg3 g6 31. Qh4 Bc2 32. Qh6 Rxb2 33. Qg7# 1-0

[Event "Titled Tue 17th Jun Late"]
[Site "chess.com INT"]
[Date "2025.06.17"]
[Round "1"]
[White "Yildiz, Egehan"]
[Black "Borges, Wagner da Silva"]
[Result "1-0"]
[WhiteTitle "FM"]
[BlackTitle "CM"]
[WhiteElo "2198"]
[BlackElo "2062"]
[WhiteFideId "44518072"]
[BlackFideId "2100401"]
[EventDate "2025.06.17"]

1. d4 Nf6 2. c4 g6 3. Nc3 d5 4. Bg5 Ne4 5. h4 Nxg5 6. hxg5 dxc4 7. e3 e5 8. dxe5
Qxd1+ 9. Rxd1 Be6 10. Nf3 Nc6 11. Rh4 h6 12. gxh6 Rxh6 13. Rxh6 Bxh6 14. Nd5
Bxd5 15. Rxd5 Rd8 16. Bxc4 Rxd5 17. Bxd5 Nd8 18. Nd4 c6 19. Bb3 Ke7 20. f4 g5
21. Nf5+ 1-0